[Event "Bahn-chH"]
[Site "Baiersbronn"]
[Date "1998.10.28"]
[Round "5"]
[White "Niess, Guenter"]
[Black "Hackenschmidt, Guido"]
[Result "1/2-1/2"]
[WhiteElo "1738"]
[BlackElo "1645"]
[PlyCount "47"]
[EventDate "1998.10.25"]
[EventType "swiss"]
[EventRounds "7"]
[EventCountry "GER"]
[SourceTitle "EXT 2001"]
[Source "ChessBase"]
[SourceDate "2000.11.22"]
[SourceVersion "1"]
[SourceVersionDate "2000.11.22"]
[SourceQuality "1"]

1. d4 Nf6 2. c4 g6 3. Nf3 d6 4. Bg5 Bg7 5. Nc3 0-0 6. Qd2 Bf5 7. Bh6 Nbd7 8. Bxg7 Kxg7 9. g3 e5 10. d5 Ne4 11. Nxe4 Bxe4 12. Bh3 f5 13. Ng5 Nc5 14. b4 f4 15. bxc5 Qxg5 16. f3 Bf5 17. Bxf5 Rxf5 18. g4 Qh4+ 19. Kd1 Rf7 20. Rb1 b6 21. c6 Qf2 22. Kc2 a6 23. Qe1 Qc5 24. Qb4 1/2-1/2

[Event "Bahn-chT"]
[Site "Friedrichroda"]
[Date "1997.10.29"]
[Round "5.7"]
[White "Niess, Guenter"]
[Black "Filipovic, Ante"]
[Result "0-1"]
[WhiteElo "1727"]
[BlackElo "1830"]
[PlyCount "82"]
[EventDate "1997.10.25"]
[EventType "team"]
[EventRounds "7"]
[EventCountry "GER"]
[SourceTitle "EXT 2009"]
[Source "ChessBase"]
[SourceDate "2008.11.26"]
[SourceVersion "1"]
[SourceVersionDate "2008.11.26"]
[SourceQuality "1"]
[WhiteTeam "Stuttgart (Bahn)"]
[BlackTeam "Hamburg (Bahn)"]
[WhiteTeamCountry "GER"]
[BlackTeamCountry "GER"]

1. d4 d5 2. Nf3 Nf6 3. Bg5 c6 4. e3 Bg4 5. Be2 Nbd7 6. h3 Bh5 7. 0-0 e6 8. Nbd2 Be7 9. c4 0-0 10. Qc2 h6 11. Bh4 Re8 12. a3 Bd6 13. Rfe1 Qc7 14. cxd5 exd5 15. Rac1 g5 16. Bg3 Bxg3 17. fxg3 Qxg3 18. Nf1 Qd6 19. Bd3 Ne4 20. Bxe4 Rxe4 21. Qf2 Re6 22. g4 Bg6 23. h4 f6 24. Ng3 Rae8 25. hxg5 hxg5 26. Kg2 Qe7 27. Rc3 Nb6 28. b3 Nc8 29. a4 Nd6 30. Nd2 Ne4 31. Ndxe4 Bxe4+ 32. Nxe4 Rxe4 33. Qf5 Qe6 34. Qg6+ Kf8 35. Kf2 Rf4+ 36. Ke2 Rxd4 37. Qh6+ Ke7 38. Qh7+ Kd8 39. Qxb7 Qxg4+ 40. Kf1 Qf3+ 41. Kg1 Rg4+ 0-1